000 00645nam a22002057a 4500
003 OSt
005 20250716062150.0
008 250716b |||||||| |||| 00| 0 eng d
020 _a 978-971-9905-71-4
040 _aDWCL-Main lib
_cOC
082 _aFil. 641.86 T819d 2014
100 _aNatad, Ma. Felisha H.
245 _aDessert merchandising laboratory manual/
_cMa. Felisha H. Natad
260 _aManila :
_bMindshapers Co., Inc.
300 _a vi, 268 pages :
_b illustrations ;
_c26 cm.
504 _aIncludes bibliographical references.
650 _a1. Desserts.
700 _aJose L. Abellana
942 _2ddc
_cBK - FIL
_kFil.
_n0
999 _c3710
_d3710